| 000 | 00573nam a2200181Ia 4500 | ||
|---|---|---|---|
| 005 | 20260601193254.0 | ||
| 008 | 260601s9999||||xx |||||||||||||| ||und|| | ||
| 020 |
_a978-3-031-59999-6 _qebk |
||
| 100 | _aMasoud Fakhimi | ||
| 245 | 0 | _aHybrid Modeling and Simulation | |
| 250 | _a2024 | ||
| 260 |
_aHeidelberg, Germany _bSpringer Nature _c2024 |
||
| 440 | _aSimulation Foundations, Methods and Applications | ||
| 650 | _aComputer Science | ||
| 700 | _aNavonil Mustafee | ||
| 856 | _uhttps://link.springer.com/openurl?genre=book&isbn=978-3-031-59999-6 | ||
| 942 |
_cEB _2ddc |
||
| 999 |
_c56826 _d56826 |
||